LEADER 01059nam0-2200313---450- 001 990008538890403321 005 20070717095317.0 010 $a978-88-7758-735-0 035 $a000853889 035 $aFED01000853889 035 $a(Aleph)000853889FED01 035 $a000853889 100 $a20070717d2007----km-y0itay50------ba 101 0 $aita 102 $aIT 105 $aa-------001yy 200 1 $aCavalieri dell'ordine di Malta$ecinquant'anni di intellighénzia siciliana al servizio del Governo dell'Ordine da Ernesto Paternò Castello a Carlo Marullo di Condojanni$fConcetta Forza 210 $aPalermo$cDario Flaccovio$d2007 215 $a159 p.$cill.$d24 cm 610 0 $aSovrano militare ordine ospedaliero di San Giovanni di Gerusalemme di Rodi e di Malta 676 $a271.7912 700 1$aForza,$bConcetta$0302486 801 0$aIT$bUNINA$gRICA$2UNIMARC 901 $aBK 912 $a990008538890403321 952 $a271.791 FOR 1$bBibl.56256$fFLFBC 959 $aFLFBC 996 $aCavalieri dell'ordine di Malta$9710177 997 $aUNINA LEADER 01285nam 2200361Ka 450 001 9910691654703321 005 20020530100426.0 035 $a(CKB)5470000002346836 035 $a(OCoLC)49570353 035 9 $aocm49570353 035 $a(OCoLC)995470000002346836 035 $a(EXLCZ)995470000002346836 100 $a20020412d2001 ua 0 101 0 $aeng 181 $ctxt$2rdacontent 182 $cc$2rdamedia 183 $acr$2rdacarrier 200 04$aThe Brownfields economic redevelopment initiative$b[electronic resource] $eproposal guidelines for brownfields cleanup 210 1$aWashington, DC :$cU.S. Environmental Protection Agency, Solid Waste and Emergency Response,$d[2001] 300 $a"September 2001." 300 $aTitle from title screen. 517 $aBrownfields economic redevelopment initiative 606 $aBrownfields$zUnited States 606 $aIndustrial real estate$zUnited States 615 0$aBrownfields 615 0$aIndustrial real estate 712 02$aUnited States.$bEnvironmental Protection Agency.$bOffice of Solid Waste and Emergency Response. 801 0$bGPO 801 1$bGPO 906 $aBOOK 912 $a9910691654703321 996 $aThe Brownfields economic redevelopment initiative$93425548 997 $aUNINA